Биологический контроль окружающей среды. Биоиндикация и биотестирование: учебное пособие

Opis bibliograficzny
Kolejni autorzy: Мелехова О. П. Ольга Петровна (редактор), Сарапульцева Е. И. Елена Игоревна
Streszczenie:В учебном пособии изложены теоретические основы и методология биологической диагностики окружающей среды. Входящие в пособие лабораторные работы (более 40) содержат современные методы биоиндикации и биотестирования. Книга по структуре и содержанию представляет собой основу практикума к таким дисциплинам, как «Экология» и «Биологический мониторинг», входящим в учебные планы многих специальностей биолого-экологической направленности. Для студентов высших учебных заведений.
Język:rosyjski
Wydane: Москва, Академия, 2008
Wydanie:2-е изд., испр.
Seria:Высшее профессиональное образование. Естественные науки
Hasła przedmiotowe:
Format: Książka
KOHA link:https://koha.lib.tpu.ru/cgi-bin/koha/opac-detail.pl?biblionumber=164189

MARC

LEADER 00000nam0a2200000 4500
001 164189
005 20231101222443.0
010 |a 9785769555947 
035 |a (RuTPU)RU\TPU\book\178137 
035 |a RU\TPU\book\124608 
090 |a 164189 
100 |a 20070504d2008 m y0rusy50 ca 
101 0 |a rus 
102 |a RU 
105 |a a j 001zy 
200 1 |a Биологический контроль окружающей среды. Биоиндикация и биотестирование   |e учебное пособие  |f под ред. О. П. Мелеховой, Е. И. Сарапульцевой 
205 |a 2-е изд., испр. 
210 |a Москва  |c Академия  |d 2008 
215 |a 288 с.  |c ил. 
225 1 |a Высшее профессиональное образование. Естественные науки 
320 |a Словарь терминов и понятий: с. 281-284. 
330 |a В учебном пособии изложены теоретические основы и методология биологической диагностики окружающей среды. Входящие в пособие лабораторные работы (более 40) содержат современные методы биоиндикации и биотестирования. Книга по структуре и содержанию представляет собой основу практикума к таким дисциплинам, как «Экология» и «Биологический мониторинг», входящим в учебные планы многих специальностей биолого-экологической направленности. Для студентов высших учебных заведений. 
451 1 |0 (RuTPU)RU\TPU\book\124608  |y 978-5-7695-3560-4  |t Биологический контроль окружающей среды. Биоиндикация и биотестирование   |o учебное пособие  |f под ред. О. П. Мелеховой; Е. И. Егоровой  |c М.  |n Академия  |d 2007  |p 288 с.  |s Высшее профессиональное образование. Естественные науки 
606 1 |a Окружающая среда  |x Биологический контроль  |2 stltpush  |3 (RuTPU)RU\TPU\subj\70427  |9 84688 
610 1 |a биологический контроль 
610 1 |a биотестирование 
610 1 |a биологический мониторинг 
610 1 |a биоиндикаторы 
610 1 |a растения 
610 1 |a животные 
610 1 |a микроорганизмы 
610 1 |a лабораторные работы 
610 1 |a учебные пособия 
610 1 |a биоиндикация 
675 |a 504.064(075.8)  |v 3 
702 1 |a Мелехова  |b О. П.  |g Ольга Петровна  |4 340 
702 1 |a Сарапульцева  |b Е. И.  |g Елена Игоревна  |4 340 
801 1 |a RU  |b 63413507  |c 20090902 
801 2 |a RU  |b 63413507  |c 20220930  |g RCR 
900 |a Защита окружающей среды 
900 |a Биология 
900 |a Экологический мониторинг 
900 |a Методы и приборы контроля окружающей среды и экологический мониторинг 
900 |a Процессы и аппараты защиты окружающей среды 
942 |c BK 
952 |b 020200  |b 020201 
959 |a 88/20090901  |d 2  |e 326,70  |f АНЛ:1  |f ЧЗТЛ:1